000 00668nam a2200253Ia 4500
003 OSt
005 20220918192143.0
006 a|||||r|||| 00| 0
007 ta
008 220917b |||||||| |||| 00| 0 eng d
024 _a67,275
037 _cTextual
040 _aARTS
_cARTS
_beng
041 _2eng
_aeng
082 _aR2xM892, L5
100 _aDilman Ilham
245 0 _aMatter and mind
_b two essays in espistemology
260 _aNew York
_bBarnes and Noble U.S.A.
_c1975
300 _axiv,225p.
_ccm.
500 _aBib 220-22p
650 _aPHILOSOPHY
942 _hR2xM892, L5
_cTEXL
_2CC
999 _c193508
_d193508